10 Most Populous Cities in Tennessee - Statistics

General Stats
  • This quiz has been taken 24 times
  • The average score is 8 of 10
Answer Stats
Population City % Correct
200,400 Knoxville
100%
613,110 Memphis
100%
687,150 Nashville
100%
188,850 Chattanooga
95%
169,321 Murfreesboro
82%
185,118 Clarksville
77%
74,075 Johnson City
73%
90,026 Franklin
68%
68,285 Jackson
55%
64,117 Hendersonville
45%
No matching quizzes found
Score Distribution
Percent of People with Each Score
Percentile by Number Answered
Your Score History
You have not taken this quiz